[Event "Sharjah Blitz op 27th"]
[Site "Sharjah"]
[Date "2022.04.08"]
[Round "2"]
[White "Arnab, Jena"]
[Black "Erdogdu, Mert"]
[Result "0-1"]
[WhiteElo "1368"]
[BlackElo "2407"]
[PlyCount "80"]
[EventDate "2022.04.08"]
[EventType "swiss (blitz)"]
[EventRounds "9"]
[EventCountry "UAE"]
[SourceTitle "CBM 207 Extra"]
[Source "ChessBase"]
[SourceDate "2022.05.31"]
[SourceVersion "1"]
[SourceVersionDate "2022.05.31"]
[SourceQuality "1"]

1. e4 c5 2. Nf3 d6 3. c3 Nf6 4. Be2 Bg4 5. 0-0 Nc6 6. d4 cxd4 7. cxd4 d5 8. e5 Ne4 9. h3 Bh5 10. Nc3 Nxc3 11. bxc3 e6 12. Rb1 Qc7 13. Qb3 Rb8 14. Ba3 Bxa3 15. Qxa3 Qe7 16. Qxe7+ Kxe7 17. Rfe1 Rhc8 18. Nd2 Bxe2 19. Rxe2 Rc7 20. Nb3 b6 21. a4 Rbc8 22. Re3 Nd8 23. Rc1 Nb7 24. f4 Rc4 25. Rg3 g6 26. a5 bxa5 27. Nd2 Rxd4 28. cxd4 Rxc1+ 29. Kf2 Rc2 30. Ke2 Nd8 31. Rb3 Nc6 32. Rb7+ Kf8 33. Kd3 Nb4+ 34. Ke2 a6 35. Rb8+ Kg7 36. Rb6 h5 37. Kd1 Rc3 38. Ke2 Rc2 39. Kd1 Rb2 40. Rb7 a4 0-1